Hazbin Hotel - Bad with us - Statistics

General Stats
  • This quiz has been taken 86 times
  • The average score is 203 of 277
Answer Stats
Answer % Correct
a
100%
be
100%
I
100%
Mm
98%
mm-mm
98%
No !
98%
NO !
98%
an
96%
shit
96%
That
96%
that
96%
the
96%
with
96%
With
96%
is
94%
this
94%
true ?
94%
true
94%
By
93%
he
93%
Lucifer ?
93%
and
91%
And
91%
defeated ?
91%
Holy
91%
it
91%
Alastor's
89%
bad
89%
(Bad
89%
Bad
89%
been
89%
Cha
89%
cha
89%
TV-head
89%
to
87%
us
87%
us)
87%
of
85%
Vox
85%
who ?
85%
Who
85%
You
85%
you
85%
hear
83%
it's
83%
It's
83%
self
83%
So
83%
(So
83%
so
83%
are
81%
Are
81%
can
81%
go
81%
on
81%
Heaven
80%
know
80%
luck
80%
rest
80%
Then
80%
up
80%
we
80%
what
80%
What
80%
absorbed
78%
Books
78%
Carmilla !
78%
Mi
78%
my
78%
there
78%
But
76%
fucked
76%
I'm
76%
not
76%
Tea
76%
where
76%
Eldercare !
74%
had
74%
him
74%
make
74%
serious ?
74%
some
74%
Zestial
74%
all
72%
chair
72%
heard
72%
Hey
72%
stroke
72%
I've
70%
mad
70%
Oh
70%
one
70%
wanna
70%
boring
69%
club
69%
Come
69%
laurels
69%
we're
69%
angels
67%
beat
67%
has
67%
Radio
67%
air
65%
fun
65%
Maestro
65%
overlords
65%
Stop
65%
Now
63%
there's
63%
Vees
63%
will
63%
Demon's
61%
fast
61%
Open
61%
power
61%
Prick
61%
rage
61%
venues
61%
Why
61%
yeah
61%
your
61%
Zeezi ?
61%
After
59%
fill
59%
Hatchet
59%
muscles
59%
new
59%
next ?
59%
pretty
59%
swords ?
59%
was
59%
best
57%
blades
57%
flexed
57%
keep
57%
knows
57%
off
57%
old
57%
our
57%
querida
57%
shift
57%
should
57%
sick
57%
believe
56%
exorcist
56%
fuckin'
56%
gang
56%
just
56%
much
56%
realm
56%
Vox's
56%
crew ?
54%
crossing
54%
join
54%
those
54%
thought
54%
time
54%
amen
52%
can't
52%
ever
52%
fights
52%
gassed
52%
team
52%
winning
52%
better
50%
as
48%
gonna
48%
Hell
48%
he's
48%
moves
48%
remember
48%
tranquil
48%
way
48%
dawn
46%
door-els
46%
fair
46%
okay
46%
regime
46%
shaken
46%
square
46%
knock
44%
reinforce
44%
talk
44%
batshit
43%
expectations
43%
seeing
43%
Either
41%
foundations
41%
hubbub
41%
surpassed
41%
branch
39%
his
39%
olive
39%
drop
37%
seemin'
35%
Grab
33%
Word
33%
through
24%
gut
22%
smarmy
22%
No matching quizzes found
Score Distribution
Percent of People with Each Score
Percentile by Number Answered
Your Score History
You have not taken this quiz